Countries that Start with C - Statistics

General Stats
  • This quiz has been taken 58 times
  • The average score is 12 of 15
Answer Stats
Answer % Correct
China
96%
Canada
93%
Colombia
93%
Chile
91%
Czech Republic
91%
Cambodia
85%
Cameroon
85%
Croatia
83%
Comoros
80%
Chad
76%
Costa Rica
76%
Cuba
76%
Cyprus
76%
Cape Verde
72%
Central African Republic
69%
No matching quizzes found
Score Distribution
Percent of People with Each Score
Percentile by Number Answered
Your Score History
You have not taken this quiz